|
|
|
|
| LEADER |
00000nab a2200000 a 4500 |
| 001 |
vtls000099247 |
| 003 |
SK-MaSNL |
| 005 |
20260304051052.0 |
| 008 |
250422c1981 xo 0 slo |
| 015 |
|
|
|a SNBRB19rr/mm-uuuuu
|
| 035 |
|
|
|a CL0109350
|
| 035 |
|
|
|a urn:nbn:sk:snk-ab798n
|
| 035 |
|
|
|a (uuid)6bb3c92b-46ab-4fac-ab9a-dcba27cdb1ab
|
| 035 |
|
|
|a (urnnbn)urn:nbn:sk:snk:ar-a079ee
|
| 035 |
|
|
|a (sysno)vtls000099247
|
| 040 |
|
|
|a SNKBUCL
|b slo
|c SNKBUCL
|e AACR2
|
| 041 |
0 |
|
|a eng
|
| 044 |
|
|
|a xo
|c SK
|
| 080 |
|
|
|a 552
|2 1981
|
| 080 |
|
|
|a 550
|2 1981
|
| 100 |
1 |
|
|a Čadková, Zdeňka
|4 aut
|9 1332775
|
| 245 |
1 |
0 |
|a To the Method of Geochemical Characterization of Rocks in Regional Investigation
|c Zdeňka Čadková
|
| 300 |
|
|
|b Obr. 2. Tb. 2.
|
| 650 |
0 |
7 |
|a horniny
|2 snkbucl
|9 842
|
| 655 |
|
7 |
|a články z novín a časopisov
|2 snkbucl
|9 267496
|
| 773 |
0 |
|
|t Geologický zborník
|g Roč. 32, č. 3 (1981), s. 365-374
|
| 850 |
|
|
|a Slovenská národná knižnica
|
| 852 |
|
|
|a Slovenská národná knižnica
|
| 958 |
|
|
|a article27
|
| 958 |
|
|
|a RK
|
| 958 |
|
|
|a OND
|
| 958 |
|
|
|a EUIPO
|
| 992 |
|
|
|a RBX
|
| 999 |
|
|
|c 2701721
|d 2703651
|